000 00460nam a2200181Ia 4500
003 OSt
005 20260326113023.0
008 250729s2005 xx 000 0 und d
040 _cAL
041 _aeng
082 _a372.2 AGGM
100 _aJ.C.Aggarwal
_9230539
245 _aHistory and philosophy of pre - primary and nursery education
260 _aNewdelhi
_bDoba House
_c2005
300 _a228p
650 _aEducation
_9230540
942 _2ddc
_cBED
999 _c238832
_d238832